|
|
|
|
| LEADER |
00670nam a22002052a 4500 |
| 001 |
001376714 |
| 003 |
CZ BrMZK |
| 005 |
20140401125109.0 |
| 007 |
ta |
| 008 |
140326s1962 gw er|||||||||||ger d |
| 040 |
|
|
|a ABA007
|b cze
|d ABA007
|d BOA001
|
| 100 |
1 |
|
|a David, Kurt,
|d 1924-1994
|7 mzk2004148357
|4 aut
|
| 245 |
1 |
0 |
|a Im Land der Bogenschützen :
|b Reisebilder aus der Mongolischen Volksrepublik ; Federzeichen /
|c Kurt David
|
| 250 |
|
|
|a 1. Aufl.
|
| 260 |
|
|
|a Berlin :
|b Neues Leben,
|c 1962
|
| 300 |
|
|
|a 225 s.
|
| 910 |
|
|
|a BOA001
|b 2-0485.179
|
| 990 |
|
|
|a BK
|
| 991 |
|
|
|b 201403
|
| 996 |
7 |
|
|b 2619059174
|c 2-0485.179
|l MZK
|r Sklad / do 24 hodin
|n 0
|w 001411722
|u 000010
|a 1
|e BOA001
|j MZK50
|s A
|